| 000 | 00495nam a2200169Ia 4500 | ||
|---|---|---|---|
| 003 | GCL | ||
| 008 | 140319s9999 xx 000 0 ara d | ||
| 040 |
_aGCL / _cGCL |
||
| 082 | 0 | 4 |
_a889.3 _bا غ |
| 100 | 1 | _aافيروف، ايفانجيلوس | |
| 245 | 1 | 0 |
_aغابة الفرح / _cافيروف، ايفانجيلوس |
| 300 | _a134 ص | ||
| 490 | _a | ||
| 650 | 0 | 4 | _aالادب اليونانى المترجم |
| 650 | 0 | 4 | _aالقصص اليونانية المترجمة |
| 942 |
_2ddc _cBK |
||
| 999 |
_c40324 _d40324 |
||